000 00555nam a2200217Ia 4500
003 OSt
005 20221002054736.0
006 a|||||r|||| 00| 0
007 ta
008 ger
024 _a70180
037 _cReference Collections
040 _aCRL
_cCRL
_bger
041 _2ger
_ager
082 _aCe, 113K2.1(RR)
100 _aArdenne Manfred von Au.
_9576180
245 0 _aTabellen zur angewandten physik
260 _c1962
942 _hCe, 113K2.1(RR)
_cref
_2CC
999 _c925693
_d925693